|
|
|
|
| LEADER |
00000nas a2200000 a 4500 |
| 001 |
ssj0024334 |
| 003 |
WaSeSS |
| 005 |
20200512172242.0 |
| 006 |
m d |
| 007 |
cr n |
| 008 |
000712d19992010xnafx s g 0 0eng c |
| 010 |
|
|
|a 00222243
|
| 015 |
|
|
|a 020912315
|2 dnb
|
| 016 |
7 |
|
|a 2027737-4
|2 DE-600
|
| 016 |
7 |
|
|a 005418584
|2 Uk
|
| 022 |
|
|
|y 1443-0738
|
| 035 |
|
|
|a (WaSeSS)ssj0024334
|
| 037 |
|
|
|b The Federation Press, PO Box 45, Annandale, NSW, 2038 Australia
|
| 040 |
|
|
|a XQL
|b eng
|c XQL
|d CLU
|d HVL
|d CUS
|d GBVCP
|d UKMGB
|d YLS
|d HVL
|d OCLCQ
|d OCLCF
|d L2U
|d WaSeSS
|
| 042 |
|
|
|a pcc
|
| 043 |
|
|
|a a------
|
| 050 |
1 |
4 |
|a K1
|b .U752
|
| 245 |
0 |
4 |
|a The Australian journal of Asian law
|h [electronic resource].
|
| 246 |
3 |
0 |
|a Asian law
|
| 260 |
|
|
|a Sydney [N.S.W.] :
|b Federation Press,
|c 1999-2010.
|
| 310 |
|
|
|a Twice yearly
|
| 362 |
0 |
|
|a Vol. 1, no. 1 (Nov. 1999)-v. 12, no. 2 (Dec. 2010).
|
| 506 |
|
|
|a License restrictions may limit access.
|
| 550 |
|
|
|a Joint initiative of the Asian Law Centre at the University of Melbourne, and the Law Faculty of the Australian National University.
|
| 588 |
|
|
|a Latest issue consulted: Vol. 12, no. 2 (Dec. 2010).
|
| 650 |
|
0 |
|a Law
|z Asia
|v Periodicals.
|
| 650 |
|
0 |
|a Practice of law
|z Asia
|v Periodicals.
|
| 650 |
|
7 |
|a 86.10 history of law, law of different countries, areas and peoples.
|0 (NL-LeOCL)077607821
|2 bcl
|
| 650 |
|
7 |
|a Law.
|2 fast
|0 (OCoLC)fst00993678
|
| 650 |
|
7 |
|a Practice of law.
|2 fast
|0 (OCoLC)fst01074534
|
| 650 |
1 |
7 |
|a Law.
|0 (NL-LeOCL)078644011
|2 gtt
|
| 651 |
|
7 |
|a Asia.
|2 fast
|0 (OCoLC)fst01240495
|
| 651 |
|
7 |
|a South-East Asia.
|0 (NL-LeOCL)07896993X
|2 gtt
|
| 655 |
|
0 |
|a Electronic journals.
|
| 710 |
2 |
|
|a University of Melbourne.
|b Asian Law Centre.
|
| 710 |
2 |
|
|a Australian National University.
|b Faculty of Law.
|
| 850 |
|
|
|a NNU-L
|
| 856 |
4 |
0 |
|z Full text available from Research Library: 01/01/2005 to 09/30/2006
|u https://search.proquest.com/publication/28398
|